| 000 | 00582nam a22001817a 4500 | ||
|---|---|---|---|
| 999 |
_c182736 _d182736 |
||
| 005 | 20211203115925.0 | ||
| 010 | _aENG-130184 | ||
| 020 |
_a978-81-940782-2-7 _c259.00 |
||
| 035 | _aEN-113716 | ||
| 037 | _bDBAD/PUB | ||
| 082 | _a551 | ||
| 100 | _aPrasannakumar, V. | ||
| 245 |
_aEnvironment & Citizen: _cV. Prasannakumar |
||
| 260 |
_aThiruvananthapuram _c2021 _bPinvent Solution Pvt. Ltd. |
||
| 270 |
_aT.C. V/1909-3, Kowidar _mpinvent.in@gmail.com _bThiruvananthapuram _e695003 |
||
| 300 |
_a143p. _c22cm (pbk) _bReference, Index |
||
| 942 |
_2ddc _cEN _h551 _mPRA |
||